000 00635nam a22002297a 4500
003 OSt
005 20140310182015.0
008 121120t xxu||||| |||| 00| 0 eng d
020 _a0439250722
050 _aPZ 7
_b.D545 2000
082 _aKF
_bD54b 2000
100 _aDiCamillo, Kate
_96434
245 _aBecause of Winn-Dixie /
_cKate DiCamillo.
260 _aNew York :
_bScholastic Inc.,
_cc2000.
300 _a182 p. :
_c18 cm.
541 _j1
562 _e1
650 _aDogs
_xFiction.
_96435
650 _aCity and town life
_xFlorida
_xFiction.
_96436
650 _aFlorida
_xFiction.
_96437
942 _2lcc
_cBK-KF
_kKF
999 _c8213
_d8213